Technology trends in wireless communications-(E-BOOK) (Record no. 192041)

000 -LEADER
fixed length control field 01027 a2200217 4500
003 - CONTROL NUMBER IDENTIFIER
control field Nust
005 - DATE AND TIME OF LATEST TRANSACTION
control field 20170207154029.0
010 ## - LIBRARY OF CONGRESS CONTROL NUMBER
LC control number 2003041476
020 ## - INTERNATIONAL STANDARD BOOK NUMBER
International Standard Book Number 1580533523 (alk. paper)
040 ## - CATALOGING SOURCE
Transcribing agency Nust
082 00 - DEWEY DECIMAL CLASSIFICATION NUMBER
Classification number 621.382
100 1# - MAIN ENTRY--PERSONAL NAME
Personal name Prasad, Ramjee.
245 10 - TITLE STATEMENT
Title Technology trends in wireless communications-(E-BOOK)
Statement of responsibility, etc. Ramjee Prasad, Marina Ruggieri.
260 ## - PUBLICATION, DISTRIBUTION, ETC.
Place of publication, distribution, etc. Boston :
Name of publisher, distributor, etc. Artech House,
Date of publication, distribution, etc. c2003.
300 ## - PHYSICAL DESCRIPTION
Extent xvi, 310 p. :
Other physical details ill. ;
Dimensions 24 cm.
440 #0 - SERIES STATEMENT/ADDED ENTRY--TITLE
Title Artech House universal personal communications series
505 ## - FORMATTED CONTENTS NOTE
Formatted contents note Acknowledgments (Page-xvii), Introduction (Page-1), Multiple Access Protocols (Page-27), IP Network Issues (Page-81), TCP over Wireless Links (Page-135), Adaptive Technologies (Page-163), Radio Resource Management for Wireless Multimedia Communications (Page-195), Real-Time Services (Page-219), Personal Area Networks (Page-249), Future Vision (Page-269).
650 #0 - SUBJECT ADDED ENTRY--TOPICAL TERM
Topical term or geographic name entry element Telecommunication engineering.
Location of event Technological innovations.
651 ## - SUBJECT ADDED ENTRY--GEOGRAPHIC NAME
Geographic name E-BOOK
700 1# - ADDED ENTRY--PERSONAL NAME
Personal name Ruggieri, M.
Dates associated with a name 1961-
942 ## - ADDED ENTRY ELEMENTS (KOHA)
Source of classification or shelving scheme
Koha item type Book
Holdings
Withdrawn status Lost status Source of classification or shelving scheme Damaged status Not for loan Collection code Permanent Location Current Location Date acquired Total Checkouts Full call number Barcode Date last seen Price effective from Koha item type
            Military College of Signals (MCS) Military College of Signals (MCS) 12/12/2016   621.382 PRA MCSEB-818 12/08/2016 12/12/2016 Book
© 2023 Central Library, National University of Sciences and Technology. All Rights Reserved.